Normal view MARC view

Entry Personal Name

Number of records used in: 1

001 - CONTROL NUMBER

  • control field: 9827

003 - CONTROL NUMBER IDENTIFIER

  • control field: DLC

005 - DATE AND TIME OF LATEST TRANSACTION

  • control field: 20231103144042.0

008 - FIXED-LENGTH DATA ELEMENTS

  • fixed length control field: 090512n| azannaabn |a aaa

010 ## - LIBRARY OF CONGRESS CONTROL NUMBER

  • LC control number: n 2009210002

040 ## - CATALOGING SOURCE

  • Original cataloging agency: DLC
  • Language of cataloging: eng
  • Description conventions: rda
  • Transcribing agency: DLC
  • Modifying agency: DLC

046 ## - SPECIAL CODED DATES

  • Birth date: 1947-02-12
  • Source of date scheme: edtf

100 1# - HEADING--PERSONAL NAME

  • Personal name: Śrī̲kumār, Ār. Bi.,
  • Dates associated with a name: 1947-

374 ## - OCCUPATION

  • Occupation: Police
  • Source of term: lcsh

375 ## - GENDER

  • Gender: male

377 ## - ASSOCIATED LANGUAGE

  • Language code: eng

400 1# - SEE FROM TRACING--PERSONAL NAME

  • Personal name: Śrī̲kumār, R. B.,
  • Dates associated with a name: 1947-

400 1# - SEE FROM TRACING--PERSONAL NAME

  • Personal name: Sreekumar, R. B.,
  • Dates associated with a name: 1947-

670 ## - SOURCE DATA FOUND

  • Source citation: Śrī̲kumār, Ār. Bi. Gujar̲ātt, irakaḷkkuvēṇṭi oru pōrāṭṭaṃ, 2008:
  • Information found: t.p. (Ār. Bi. Śr̲īkumār) t.p. verso (R.B. Sreekumar) prelim. p. (b. Feb. 12, 1947; I.P.S.)

Powered by Koha